000 00901nam a2200241 a 4500
001 000014768
005 20250621074005.0
008 100120s2008 dr ac 000 0 spa d
020 _a9789945405958
040 _aDO-SdBNP
_bspa
_cBNPHU
082 _a320.97293
_bG934p
100 1 _aGuerrero de la Cruz, Johnny
_933485
245 1 0 _aPor el camino de la Quinta República /
_cJohnny Guerrero de la Cruz.
260 _aSanto Domingo :
_bManatí,
_c2008.
300 _a84 p. :
_bil., retrs. ;
_c21 cm.
504 _aBibliografía: p.83-84.
590 _aInventariado, 2018/ YL
650 4 _aDemocracia
_xAspectos sociales
_vENSAYOS, CONFERENCIAS, ETC.
_933486
650 4 _aParticipación política
_zRepública Dominicana
_914012
651 4 _aRepública Dominicana
_xHistoria
_xSiglo Xx
_933487
651 0 _aRepública Dominicana
_xPolítica y gobierno
_945
910 _aValidado. Control de calidad EMS
999 _c14351
_d14351